Capital Location: Africa Quiz Stats

 Plays Quiz Updated May 31, 2015

Challenge
Share
Tweet
Score 0/26 Timer 07:00
2 Plays Today
% Correct
C is Cairo
84.6%
A is Lomé
74.4%
B is Algiers
73.8%
A is Tunis
71.8%
A is Khartoum
69.5%
C is Pretoria
69.1%
B is Libreville
64.3%
D is Addis Ababa
62.8%
C is Conakry
62%
A is Nouakchott
61.3%
C is Accra
59.7%
B is Mogadishu
57.6%
B is Rabat
56.4%
% Correct
A is Kampala
55.7%
B is Abuja
53.9%
C is Tripoli
50.7%
D is Dakar
50%
D is Bamako
48.2%
A is Nairobi
46.9%
D is Luanda
45.6%
B is Harare
42.4%
B is Antananarivo
42%
A is Yamoussoukro
41.9%
D is Brazzaville
41.4%
C is Bangui
31.2%
D is Yaoundé
26.4%

You're not logged in!

Compare scores with friends on all Sporcle quizzes.
Join for Free
OR
Log In

You Might Also Like...

Show Comments

Extras

Top Quizzes Today


Score Distribution

Your Account Isn't Verified!

In order to create a playlist on Sporcle, you need to verify the email address you used during registration. Go to your Sporcle Settings to finish the process.

Report this User

Report this user for behavior that violates our Community Guidelines.

Details: